Rules of conduct : Conduct Regulations 2003 under Bye-Laws 10(1), 19, 20 and 22B. (Record no. 102586)

MARC details
000 -LEADER
fixed length control field 01388cam a2200301 4500
001 - CONTROL NUMBER
control field J120976
008 - FIXED-LENGTH DATA ELEMENTS--GENERAL INFORMATION
fixed length control field #DATE n2003 000 0 eng u
035 ## - SYSTEM CONTROL NUMBER
System control number (Sirsi) u120976
041 ## - LANGUAGE CODE
Language code of text/sound track or separate title eng
050 ## - LIBRARY OF CONGRESS CALL NUMBER
Classification number 333.0062
-- 18
110 ## - MAIN ENTRY--CORPORATE NAME
Corporate name or jurisdiction name as entry element Royal Institution of Chartered Surveyors
Subordinate unit Professional Regulation and Consumer Protection
9 (RLIN) 4348
245 ## - TITLE STATEMENT
Title Rules of conduct : Conduct Regulations 2003 under Bye-Laws 10(1), 19, 20 and 22B.
250 ## - EDITION STATEMENT
Edition statement Rev. ed.
260 ## - PUBLICATION, DISTRIBUTION, ETC.
Place of publication, distribution, etc. London
Name of publisher, distributor, etc. RICS
Date of publication, distribution, etc. 2003
300 ## - PHYSICAL DESCRIPTION
Extent [50]p.
Dimensions 30cm.
490 ## - SERIES STATEMENT
Series statement RICS Rules of Conduct
520 ## - SUMMARY, ETC.
Summary, etc. Came in force 1 January 2003.
520 ## - SUMMARY, ETC.
Summary, etc. Superseded by "Rules of conduct : Conduct Regulations 2004 under Bye-Laws 10(1), 19, 20 and 22B (complete set)" (J125923). Supersedes previous edition "New conduct and disciplinary regulations (July 2001): Conduct Regulations under Bye-Law 19: Disciplinary Regulations under Bye-Laws 10, 21 and 22: Disciplinary Constitutional Bodies Regulations under Bye-Laws 22 and 51" (J116520).
650 ## - SUBJECT ADDED ENTRY--TOPICAL TERM
Topical term or geographic name entry element RICS BYE-LAWS
650 ## - SUBJECT ADDED ENTRY--TOPICAL TERM
Topical term or geographic name entry element RICS MEMBERS' ACCOUNTS RULES
650 ## - SUBJECT ADDED ENTRY--TOPICAL TERM
Topical term or geographic name entry element PROFESSIONAL CONDUCT
650 ## - SUBJECT ADDED ENTRY--TOPICAL TERM
Topical term or geographic name entry element RICS PROFESSIONAL INDEMNITY INSURANCE RULES
650 ## - SUBJECT ADDED ENTRY--TOPICAL TERM
Topical term or geographic name entry element RICS RULES OF CONDUCT
650 ## - SUBJECT ADDED ENTRY--TOPICAL TERM
Topical term or geographic name entry element RICS REGULATIONS
690 ## - LOCAL SUBJECT ADDED ENTRY--TOPICAL TERM (OCLC, RLIN)
Topical term or geographic name as entry element MANAGEMENT-BUSINESS MANAGEMENT-PROFESSIONAL PRACTICE
710 ## - ADDED ENTRY--CORPORATE NAME
Corporate name or jurisdiction name as entry element Royal Institution of Chartered Surveyors
9 (RLIN) 4900
942 ## - ADDED ENTRY ELEMENTS (KOHA)
Suppress in OPAC 0
Holdings
Withdrawn status Lost status Source of classification or shelving scheme Damaged status Not for loan Home library Current library Shelving location Date acquired Total Checkouts Full call number Barcode Date last seen Copy number Price effective from Koha item type Date last checked out
    Dewey Decimal Classification     London London RICS Boxes 21/01/2003   RICS 2003/4 30068141 06/08/2019 1 06/08/2019 Archive  
    Dewey Decimal Classification     London London RICS Boxes 21/01/2003   RICS 2003/4 30068142 06/08/2019 2 06/08/2019 Reference material  
    Dewey Decimal Classification     London London RICS Boxes 21/01/2003 9 RICS 2003/4 30068144 06/08/2019 4 06/08/2019 Book 27/04/2009
    Dewey Decimal Classification     Virtual Virtual Online 23/04/2004   ONLINE PUBLICATION 120976-3001 06/08/2019 1 06/08/2019 Book